000 00495nam a2200157 i 4500
001 84031
003 ES-MaACL
005 20230906174932.0
007 t|
008 041119s1973 sp ||||1| spa d
100 1 _aJáuregui, José Antonio.
_966186
245 1 0 _aTestimonio, apostolado, misión
_b: análisis exegético de act. L, 15-16 /
_cJosé Antonio Jáuregui.
260 _aBilbao :
_bUniversidad de Deusto,
_c1973.
300 _a251 p. ;
_c23 cm.
852 _aES-MaACL
_jC-54314
_bR.87202
999 _c84031
_d84031